European repo market as a part of the international financial market

Intenzívny rast repo trhu v Európe začal v rokoch 1990. Repo a jeho využitie centrálnymi bankami v ich menovej politike. Analýza repo transakcií. Európsky repo trh pred finančnou krízou až do roku 2011. Repo operácie komerčných bánk v euro oblasti, porovnanie.

Salvato in:
Dettagli Bibliografici
Autore principale: Malacká, Viera
Natura: Capitolo di libro
Lingua:inglese
Soggetti:
Tags: Aggiungi Tag
Nessun Tag, puoi essere il primo ad aggiungerne!!

MARC

LEADER 00000naa$a2200000$$$4500
001 0178721
005 20240502073034.2
041 0 |a eng 
044 |a SK 
245 1 0 |a European repo market as a part of the international financial market  |c Viera Malacká 
520 |a Intenzívny rast repo trhu v Európe začal v rokoch 1990. Repo a jeho využitie centrálnymi bankami v ich menovej politike. Analýza repo transakcií. Európsky repo trh pred finančnou krízou až do roku 2011. Repo operácie komerčných bánk v euro oblasti, porovnanie. 
610 2 0 |a repo obchody 
610 2 0 |a banky 
610 2 0 |a analýzy 
610 2 0 |a Európa 
100 1 |a Malacká, Viera